| 000 | 00752nam a2200241 a 4500 | ||
|---|---|---|---|
| 001 | BRL_1734 | ||
| 005 | 20190320211338.0 | ||
| 008 | 230715s1950----mx-a######---#000-0#spa-# | ||
| 041 | _aspa | ||
| 044 | _amx | ||
| 050 | 4 |
_aF1230 _b.B46 1950 |
|
| 100 | 1 |
_aBenítez, Fernando _d1912-2000 _925483 |
|
| 245 | 1 | 0 |
_aLa ruta de Hernán Cortés _cFernando Benítez ; estampas y viñetas de Alberto Beltrán. |
| 260 |
_aMéxico _bFondo de Cultura Económica _c1950 |
||
| 300 |
_a257 p. _bil. _c22 cm. |
||
| 500 | _aAu1901 | ||
| 600 | 1 | 4 |
_aCortés, Hernán, _d1485-1547 _9439 |
| 651 | 4 |
_aMéxico _xHistoria _yConquista, 1519-1540 _9442 |
|
| 651 | 4 |
_aMéxico _xDescripción y viajes _9103 |
|
| 700 | 1 |
_aBeltrán, Alberto _99572 |
|
| 902 | _aGRL | ||
| 942 |
_2lcc _cB |
||
| 999 |
_c10542 _d10542 |
||